Computational Electrodynamics: The Finite-Difference Time- Domain Method . (Record no. 8332)

MARC details
000 -LEADER
fixed length control field 00550nam a22001937a 4500
003 - CONTROL NUMBER IDENTIFIER
control field OSt
005 - DATE AND TIME OF LATEST TRANSACTION
control field 20240514154427.0
008 - FIXED-LENGTH DATA ELEMENTS--GENERAL INFORMATION
fixed length control field 240514b |||||||| |||| 00| 0 eng d
020 ## - INTERNATIONAL STANDARD BOOK NUMBER
International Standard Book Number 1580538320
040 ## - CATALOGING SOURCE
Transcribing agency DDC
082 ## - DEWEY DECIMAL CLASSIFICATION NUMBER
Edition number Third Edition
Classification number 537.6 TAF 2005
100 ## - MAIN ENTRY--PERSONAL NAME
Relator code Hagness Suzan C., Taflove Allen
245 ## - TITLE STATEMENT
Title Computational Electrodynamics: The Finite-Difference Time- Domain Method .
260 ## - PUBLICATION, DISTRIBUTION, ETC. (IMPRINT)
Place of publication, distribution, etc. Landon
Name of publisher, distributor, etc. Artech House
Date of publication, distribution, etc. 2005
300 ## - PHYSICAL DESCRIPTION
Extent xxii;1006,
Other physical details ill,
Dimensions 25.9cm.
504 ## - BIBLIOGRAPHY, ETC. NOTE
Bibliography, etc Index
650 ## - SUBJECT ADDED ENTRY--TOPICAL TERM
Topical term or geographic name as entry element Physics
9 (RLIN) 809
942 ## - ADDED ENTRY ELEMENTS (KOHA)
Source of classification or shelving scheme Dewey Decimal Classification
Koha item type Open Shelf
Holdings
Withdrawn status Lost status Source of classification or shelving scheme Damaged status Not for loan Home library Current library Source of acquisition Inventory number Total Checkouts Full call number Barcode Date last seen Koha item type
    Dewey Decimal Classification     MUST Main Library MUST Main Library purchase 8/31112   537.6 TAF 2005 2024-0189 14/05/2024 Open Shelf